Women Entrepreneurship (Record no. 93408)

MARC details
000 -LEADER
fixed length control field 00669nam a2200217Ia 4500
005 - DATE AND TIME OF LATEST TRANSACTION
control field 20230308151002.0
008 - FIXED-LENGTH DATA ELEMENTS--GENERAL INFORMATION
fixed length control field 230125s9999 xx 000 0 und d
020 ## - INTERNATIONAL STANDARD BOOK NUMBER
International Standard Book Number 978-93-81075-82-1
041 ## - LANGUAGE CODE
Language code of text/sound track or separate title eng
082 ## - DEWEY DECIMAL CLASSIFICATION NUMBER
Classification number 658.421
Item number DEV
100 ## - MAIN ENTRY--PERSONAL NAME
Author Devi S A, Ed.
245 ## - TITLE STATEMENT
Title Women Entrepreneurship
Remainder of title Financial Inclusion and Micro Financing for Self Help Groups In Andhra Pradesh
260 ## - PUBLICATION, DISTRIBUTION, ETC.
Date of publication, distribution, etc. 2012
Name of publisher, distributor, etc. BS Publications
Place of publication, distribution, etc. Hyderabad
300 ## - PHYSICAL DESCRIPTION
Extent 386p
500 ## - GENERAL NOTE
Keywords Entrepreneurship<br/>
650 ## - SUBJECT ADDED ENTRY--TOPICAL TERM
Topical term or geographic name entry element Entrepreneurship
700 ## - ADDED ENTRY--PERSONAL NAME
Personal name Devi S A, Ed.; Sastry B V H K, Ed. & Rao S S, Ed.
942 ## - ADDED ENTRY ELEMENTS (KOHA)
Koha item type Books
906 ## - LOCAL DATA ELEMENT F, LDF (RLIN)
b 249
Holdings
Withdrawn status Lost status Damaged status Not for loan Home library Current library Date acquired Vendor Net Price Bill number Total Checkouts Full call number Barcode Date last seen Actual Price Bill Date Koha item type Original Barcode
        Smt. Hiraben Nanavati Institute of Management & Research for Women Smt. Hiraben Nanavati Institute of Management & Research for Women 31/03/2015 Pritam Book Centre 995.00 9419   658.421 DEV B13518 HIMR-BK-13518 25/01/2023 746.00 16/03/2015 Books B13518